<?xml version="1.0" encoding="UTF-8"?>
<record
    xmlns:xsi="http://www.w3.org/2001/XMLSchema-instance"
    xsi:schemaLocation="http://www.loc.gov/MARC21/slim http://www.loc.gov/standards/marcxml/schema/MARC21slim.xsd"
    xmlns="http://www.loc.gov/MARC21/slim">

  <leader>00956na  a2200265   4500</leader>
  <datafield tag="952" ind1=" " ind2=" ">
    <subfield code="a">0001</subfield>
    <subfield code="b">0001</subfield>
    <subfield code="d">2017-10-05</subfield>
    <subfield code="e">2</subfield>
    <subfield code="l">0</subfield>
    <subfield code="o">158.24 S13p 2016</subfield>
    <subfield code="p">017457</subfield>
    <subfield code="r">2017-10-05 00:00:00</subfield>
    <subfield code="w">2017-10-05</subfield>
    <subfield code="y">BKS</subfield>
  </datafield>
  <datafield tag="999" ind1=" " ind2=" ">
    <subfield code="c">8123</subfield>
    <subfield code="d">8123</subfield>
  </datafield>
  <controlfield tag="001">23473</controlfield>
  <controlfield tag="003">MIRAKIL</controlfield>
  <controlfield tag="005">20200109134803.0</controlfield>
  <controlfield tag="008">200109b        tu ||||| |||| 00| 0 tur d</controlfield>
  <datafield tag="020" ind1=" " ind2=" ">
    <subfield code="a">9786053327820</subfield>
  </datafield>
  <datafield tag="040" ind1=" " ind2=" ">
    <subfield code="a">TR-AnCHP</subfield>
    <subfield code="b">tur</subfield>
    <subfield code="c">TR-AnCHP</subfield>
  </datafield>
  <datafield tag="041" ind1=" " ind2=" ">
    <subfield code="a">tur</subfield>
  </datafield>
  <datafield tag="082" ind1=" " ind2=" ">
    <subfield code="a">158.24</subfield>
    <subfield code="b">S13p 2016</subfield>
  </datafield>
  <datafield tag="100" ind1=" " ind2=" ">
    <subfield code="a">Sch&#xFC;tzenberger, Anne Acelin</subfield>
  </datafield>
  <datafield tag="245" ind1=" " ind2=" ">
    <subfield code="a">Psikosoybilim:</subfield>
    <subfield code="b">Aile yaralar&#x131;n&#x131; iyile&#x15F;tirmek ve kendini bulmak/</subfield>
    <subfield code="c">Anne Acelin Sch&#xFC;tzenberger, &#xE7;eviren Ka&#x11F;an Kahveci.</subfield>
  </datafield>
  <datafield tag="246" ind1=" " ind2=" ">
    <subfield code="a">Aile yaralar&#x131;n&#x131; iyile&#x15F;tirmek ve kendini bulmak</subfield>
  </datafield>
  <datafield tag="260" ind1=" " ind2=" ">
    <subfield code="a">&#x130;stanbul:</subfield>
    <subfield code="b">T&#xFC;rkiye &#x130;&#x15F; Bankas&#x131; K&#xFC;lt&#xFC;r Yay&#x131;nlar&#x131;,</subfield>
    <subfield code="c">2016.</subfield>
    <subfield code="f">Ayhan mantbaas&#x131;.</subfield>
  </datafield>
  <datafield tag="300" ind1=" " ind2=" ">
    <subfield code="a">214 s.:</subfield>
    <subfield code="c">21 sm.</subfield>
  </datafield>
  <datafield tag="440" ind1=" " ind2=" ">
    <subfield code="a">T&#xFC;rkiye &#x130;&#x15F; Bankas&#x131; K&#xFC;lt&#xFC;r Yay&#x131;nlar&#x131;</subfield>
    <subfield code="v">3573.</subfield>
  </datafield>
  <datafield tag="504" ind1=" " ind2=" ">
    <subfield code="a">Kaynak&#xE7;a ve dizin vard&#x131;r.</subfield>
  </datafield>
  <datafield tag="650" ind1=" " ind2="0">
    <subfield code="9">5802</subfield>
    <subfield code="a">Sosyal Psikoloji</subfield>
  </datafield>
  <datafield tag="700" ind1=" " ind2=" ">
    <subfield code="a">Ka&#x11F;an Kahveci</subfield>
    <subfield code="e">&#xE7;ev.</subfield>
  </datafield>
  <datafield tag="740" ind1=" " ind2=" ">
    <subfield code="a">Aile yaralar&#x131;n&#x131; iyile&#x15F;tirmek ve kendini bulmak</subfield>
  </datafield>
  <datafield tag="942" ind1=" " ind2=" ">
    <subfield code="2">ddc</subfield>
    <subfield code="c">BKS</subfield>
  </datafield>
</record>
